[Event "Rheinhessen-ch U16/U18"]
[Site "Heidesheim"]
[Date "2013.01.06"]
[Round "3.6"]
[White "Berkes, Paul"]
[Black "Klein, Simon"]
[Result "1-0"]
[WhiteElo "1378"]
[BlackElo "1136"]
[PlyCount "37"]
[EventDate "2013.01.06"]
[EventType "swiss"]
[EventRounds "7"]
[EventCountry "GER"]
[SourceTitle "EXT 2014"]
[Source "ChessBase"]
[SourceDate "2013.11.20"]
[SourceVersion "1"]
[SourceVersionDate "2013.11.20"]
[SourceQuality "1"]

1. e4 e5 2. Nf3 Nc6 3. d4 exd4 4. Bc4 Be7 5. c3 d6 6. cxd4 Bg4 7. Nc3 Nf6 8. Be3 0-0 9. h3 Bh5 10. 0-0 a6 11. a3 b5 12. Bd5 Nxd5 13. Nxd5 Re8 14. Rc1 Qd7 15. Qc2 Bxf3 16. gxf3 Qxh3 17. Qxc6 Qxf3 18. Nxe7+ Kf8 19. Nf5 1-0